Statistics for Leicester City scorers in Premier League 2017-2018

Click here to take the quiz!

General Stats

  • This quiz has been taken 34 times
  • The average score is 6 of 10

Answer Stats

Player Goals % Correct
Jamie Vardy14
100%
Riyad Mahrez10
91%
Shinji Okazaki6
70%
Marc Albrighton2
64%
Harry Maguire2
61%
Demarai Gray3
58%
Islam Slimani1
55%
Kelechi Iheanacho1
36%
Vicente Iborra2
33%
Andy King1
30%

Score Distribution

Percentile by Number Answered

Percent of People with Each Score

Your Score History

You have not taken this quiz